| 000 | 00772nam a2200241 u 4500 | ||
|---|---|---|---|
| 005 | 20221117063506.0 | ||
| 008 | 151113s2010 r 000 0 eng d | ||
| 020 | _a9781615903542 | ||
| 035 | _aUPN01000206807 | ||
| 049 | _aI | ||
| 050 | 4 |
_aQA482 _bK3.8 |
|
| 100 | 1 |
_aKarapetkova, Holly _938504 |
|
| 245 | 1 | 1 |
_a¿Un cuadrado? ¡un rectángulo! / _cHolly Karapetkova, J. Jean Robertoson. |
| 260 |
_aMinnesota, E.U.A. : _bRourke, _cc2010. |
||
| 300 |
_a23 p. : _bil. col. |
||
| 440 | 0 | _aMis primeros descubrimientos | |
| 650 | 4 |
_aCUADRADO - _vLITERATURA INFANTIL _923595 |
|
| 650 | 4 |
_aRECTANGULOS - _vLITERATURA INFANTIL _923597 |
|
| 650 | 2 |
_aFiguras _vLiteratura infantil _923592 |
|
| 700 | 1 |
_aRobertson, J. Jean, _ecoaut. |
|
| 905 | _aInfantil | ||
| 999 |
_c178908 _d178908 |
||